00842nam a22001937a 450000500170000000700150001700800410003203500100007304000090008324500510009225600240014326000450016730000280021231000120024050602700025265000450052274000400056785600410060720240305165539.0cr|||| |||| 191023c20149999eu wr|w s|||| 0|||b1eng d a23602 avLex00aEuropean Union Newsh[Recurso electrónico] / aServicio en línea aBruselas:bPlus Media Solutions,c2014 - a1 recurso electrónico aSemanal1 aDisponible solo en los productos indicadosdvLex GlobaldvLex Global (Academic Edition, excluding Law Schools)dvLex Global (U.S. Academic Edition, Law Schools)dvLex Global (U.S. Academic Edition, excluding Law Schools)dvLex Global (Academic Edition, Law Schools)04aMaterias no jurídicaszUnión Europea0 avLex Revistas (Servicio en línea)40uhttps://app.vlex.com/#/sources/23602